000 00441nam a22001937a 4500
003 bpm
005 20260407095816.0
008 260407b |||||||| |||| 00| p spa d
020 _a9789876193740
024 _aS. C. C. / M. C. y E. M.:
040 _aAR-CtUCP
041 _aspa
080 _aCDU
100 _aSandoval Antonella
245 _aHice puntas de pie
650 _aLiteratura - Poesía
942 _cLIB
999 _c76610
_d76610